000 00636nam a2200241Ia 4500
003 OSt
005 20220925221733.0
006 a|||||r|||| 00| 0
007 ta
008 220923b |||||||| |||| 00| 0 eng d
037 _cGeneral Book
040 _aRTL
_cRTL
_beng
041 _2eng
_aeng
082 _aBobX9, L1
100 _aCoyle R G
_9126789
245 0 _aMathematics for business decisions
260 _aLondon
_bNelson
_c1971
300 _avii,309p.
_ccm.
500 _aAppendix P 257-62
650 _aMathematics
_92141
942 _hBobX9, L1
_cGB
_2CC
999 _c575213
_d575213